000 00641nam a22002052 4500
001 0000025066
005 20151217160134.0
008 141027s xx 000 0 eng d
020 _a0027615618 :
040 _aKABU
_cKABU
245 1 0 _aMacmillan dictionary for children /
_cedited by Judith S. Levey.
250 _a Newly revised ed.
260 _aNew York :
_bMacmillan,
_c1989.
300 _a1 vol. (various pagings.
650 0 _aEnglish language
_vDictionaries, Juvenile.
_@0000181251
700 1 _aLevey, Judith S.
_@0000185457
908 _a141027
950 _@1
999 _c14741
_d14741